Loading...

Irakalude maanifesto

Bibliographic Details
Main Author: K E N; Author
Format: Printed Book
Published: Thiruvananthapuram, Chintha Publishers 2010
Subjects:
LEADER 005590000a22001930004500
020 |a 81-262-0457-5 
040 |a MAL 
082 |a A8 KEN/I Q0 
100 |a K E N; Author 
245 |a Irakalude maanifesto 
250
260 |a Thiruvananthapuram, Chintha Publishers 
260 |c 2010 
460 |a 160p 
465 |a Rs.105.00 
500 |a K E N 
650 |a Malayalam essays 
999 |c 45337  |d 45337 
952 |0 0  |1 0  |4 0  |6 A_000000000000000_8_KENI_Q0  |7 0  |8 MAL  |9 46060  |a MGUL  |b MGUL  |d 2013-07-16  |e Rs.105.00  |l 2  |o A8 KEN/I Q0  |p 43717  |r 2014-12-19  |s 2014-12-05  |w 2013-07-16  |y BK